000 00973cab a22002295a 4500
001 L148477
008 090922e20090918xxkdo f 000 0 eng d
035 _a(Sirsi) u148477
041 0 _aeng
100 1 _aShah, Aditi
245 0 0 _aRegional report
_bHerts, Beds and Bucks
260 _c2009
490 0 _aProperty Week
_v75(38) 18 September 2009, 69-75(5)
520 _aBT offices in Watford sold at 9.43% yield is the region's largest investment transaction in 2009 so far. Retail centres in Watford, Milton Keynes, Letchworth, High Wycombe and Aylesbury are battling to become the region's dominant shopping venue. The shift towards owner-occupation of offices in Hertfordshire is being led by the charitable and social housing sectors. Table.
590 _aKA
651 4 _aHertfordshire
651 4 _aBedfordshire
651 4 _aBuckinghamshire
690 _aPROPERTY-COMMERCIAL PROPERTY-COMMERCIAL PROPERTY MARKET
700 1 _aDuxbury, Nick
942 _n0
999 _c81863
_d81863